000 004960000a22001930004500
001 002886
003 MACL
005 20151015152427.0
008 151015b xxu||||| |||| 00| 0 eng d
040 _aMACL
_cMACL
041 _aEnglish
082 _a920.71/MUK
100 _aMukerjee, G
_97662
245 _aVuk Stefanovic Karadzic The Mark Of Serbian Genius
_cG Mukerjee
260 _aNew Delhi
_c2006
_bBrijiwasi books,
350 _a250
650 _aBiography
_915039
942 _k921
_cBK
_2ddc
999 _c14794
_d14794